000 00337nam a2200157 a 4500
008 190521s2005|||| d
100 1 _aJordánová Zdeňka
245 1 0 _aPoznej svuj cíl
260 _bVodnár
_aPraha
_c2005
250 _a1.vydanie
958 _aA
300 _a169s.
020 _c0
041 _acze
044 _aCZ
999 _c20696
_d20696